Tổng hợp Zeolite A từ tro trấu : Đề tài sinh viên nghiên cứu khoa học
Đề tài nghiên cứu cấu tạo và đặc điểm của Zeolite, xác định thành phần % silic oxide có trong vỏ trấu, tổng hợp sodium silicate và zeolite từ tro trấu, đánh giá chất lượng sản phẩm.
Guardado en:
| Autor principal: | |
|---|---|
| Formato: | Libro |
| Lenguaje: | Undetermined |
| Publicado: |
Cần Thơ
Trường Đại học Cần Thơ
2010
|
| Materias: | |
| Etiquetas: |
Agregar Etiqueta
Sin Etiquetas, Sea el primero en etiquetar este registro!
|
| Thư viện lưu trữ: | Trung tâm Học liệu Trường Đại học Cần Thơ |
|---|
| LEADER | 01138nam a2200229Ia 4500 | ||
|---|---|---|---|
| 001 | CTU_164947 | ||
| 008 | 210402s9999 xx 000 0 und d | ||
| 082 | |a 549.68 | ||
| 082 | |b Th103 | ||
| 088 | |a TSV2009-05-24 | ||
| 100 | |a La, Văn Thái | ||
| 245 | 0 | |a Tổng hợp Zeolite A từ tro trấu : | |
| 245 | 0 | |b Đề tài sinh viên nghiên cứu khoa học | |
| 245 | 0 | |c La Văn Thái (Chủ nhiệm đề tài) ; La Trí Quang, Lữ Trần Việt Thi, Lê Thị Phương Trâm (Cộng sự) ; Lê Thanh Phước (Hướng dẫn khoa học) | |
| 260 | |a Cần Thơ | ||
| 260 | |b Trường Đại học Cần Thơ | ||
| 260 | |c 2010 | ||
| 520 | |a Đề tài nghiên cứu cấu tạo và đặc điểm của Zeolite, xác định thành phần % silic oxide có trong vỏ trấu, tổng hợp sodium silicate và zeolite từ tro trấu, đánh giá chất lượng sản phẩm. | ||
| 650 | |a Zeolites,Khoáng chất Zeolit | ||
| 904 | |i Thoa, Hải | ||
| 915 | |a TN | ||
| 980 | |a Trung tâm Học liệu Trường Đại học Cần Thơ | ||